[Event "SRB-ch U14"]
[Site "Subotica"]
[Date "2021.05.04"]
[Round "3"]
[White "Skopljak, David"]
[Black "Cuzovic, Ognjen"]
[Result "0-1"]
[WhiteElo "1818"]
[BlackElo "1866"]
[PlyCount "86"]
[EventDate "2021.05.03"]
[EventType "swiss"]
[EventRounds "9"]
[EventCountry "SRB"]
[SourceTitle "EXT 2022"]
[Source "ChessBase"]
[SourceDate "2021.10.06"]
[SourceVersion "1"]
[SourceVersionDate "2021.10.06"]
[SourceQuality "1"]

1. e4 e5 2. Nf3 Nf6 3. Nc3 Nc6 4. Bc4 Bc5 5. 0-0 d6 6. h3 Be6 7. Bb3 0-0 8. d3 h6 9. Nh2 Bxb3 10. axb3 d5 11. Ng4 d4 12. Nxf6+ Qxf6 13. Nd5 Qd6 14. Bd2 Ne7 15. Nxe7+ Qxe7 16. f4 exf4 17. Rxf4 Bd6 18. Rf3 c5 19. Qf1 b5 20. Ra6 Rab8 21. Bf4 Bxf4 22. Rxf4 Rb6 23. Qa1 Qc7 24. g3 Rxa6 25. Qxa6 Rb8 26. Kg2 Rb6 27. Qa3 c4 28. b4 Rc6 29. Rf2 Qb7 30. Qa2 Ra6 31. Qb1 cxd3 32. cxd3 Ra4 33. Qe1 Qe7 34. Rc2 Rxb4 35. Qf2 a5 36. Qf5 g6 37. Qf4 Kg7 38. Qb8 Rb3 39. Rc8 Qf6 40. Rc2 Rxd3 41. Rf2 Qe6 42. e5 Qd5+ 43. Kh2 Rd1 0-1

[Event "SRB-ch U14"]
[Site "Subotica"]
[Date "2021.05.03"]
[Round "1"]
[White "Skopljak, David"]
[Black "Milutinovic, Uros"]
[Result "1-0"]
[WhiteElo "1818"]
[BlackElo "1319"]
[PlyCount "87"]
[EventDate "2021.05.03"]
[EventType "swiss"]
[EventRounds "9"]
[EventCountry "SRB"]
[SourceTitle "EXT 2022"]
[Source "ChessBase"]
[SourceDate "2021.10.06"]
[SourceVersion "1"]
[SourceVersionDate "2021.10.06"]
[SourceQuality "1"]

1. c4 d6 2. Nf3 g6 3. Nc3 Bg7 4. g3 e5 5. d3 f5 6. Bg2 Nf6 7. Bg5 0-0 8. Nd5 c6 9. Nxf6+ Bxf6 10. Bxf6 Qxf6 11. 0-0 a5 12. Rb1 Na6 13. a3 Nc5 14. b4 axb4 15. axb4 Ne6 16. b5 Bd7 17. Nd2 Rab8 18. e3 c5 19. Ra1 b6 20. Qc2 Bc8 21. Ra7 Rf7 22. Rfa1 Bb7 23. Bxb7 Rbxb7 24. Rxb7 Rxb7 25. Nb1 f4 26. Nc3 fxe3 27. fxe3 Nf8 28. Qf2 Qxf2+ 29. Kxf2 Kg7 30. Nd5 Nd7 31. Ra8 Nf6 32. e4 Ng4+ 33. Kg2 Nf6 34. Rd8 Nd7 35. Kf3 Kf7 36. h3 h6 37. h4 h5 38. g4 hxg4+ 39. Kxg4 Ra7 40. Kg5 Rb7 41. Ne3 Ke7 42. Rg8 Ra7 43. Rxg6 Ra1 44. Nf5+ 1-0

[Event "Vojvodina-chT 2nd League"]
[Site "Backa Palanka"]
[Date "2020.10.20"]
[Round "6.6"]
[White "Volarov, Damir"]
[Black "Skopljak, David"]
[Result "1-0"]
[WhiteElo "2095"]
[BlackElo "1834"]
[PlyCount "67"]
[EventDate "2020.10.16"]
[EventType "team-tourn"]
[EventRounds "11"]
[EventCountry "SRB"]
[SourceTitle "EXT 2022"]
[Source "ChessBase"]
[SourceDate "2021.10.06"]
[SourceVersion "1"]
[SourceVersionDate "2021.10.06"]
[SourceQuality "1"]
[WhiteTeam "Mladenovo"]
[BlackTeam "Vojka Sremac"]
[WhiteTeamCountry "SRB"]
[BlackTeamCountry "SRB"]

1. Nf3 c5 2. c4 Nc6 3. d4 cxd4 4. Nxd4 g6 5. Nc3 Bg7 6. e3 Nf6 7. Be2 0-0 8. 0-0 d6 9. Re1 a6 10. Rb1 Bd7 11. b3 Rc8 12. Bb2 Nxd4 13. exd4 Re8 14. Bf3 Qc7 15. Qd2 Bf5 16. Rbd1 b6 17. d5 Qb7 18. Be2 Bd7 19. a4 Bf5 20. h3 Rc7 21. g4 Bc8 22. Bd3 Nd7 23. Ne4 Ne5 24. Bxe5 Bxe5 25. Qh6 Bg7 26. Qh4 Bd7 27. Re3 b5 28. axb5 axb5 29. Rf3 bxc4 30. bxc4 Qb3 31. Rb1 Qa3 32. Ng5 h6 33. Bxg6 hxg5 34. Qh7+ 1-0